000
00338nam a2200133Ia 4500
008
240624s9999 xx 000 0 und d
041
_a
eng
082
_a
650.1 WIL
100
_a
WILSON JERRY S
245
_a
MANAGING BRAND YOU 7 STEPS TO CREATING Y
260
_c
2008
_a
New York
_b
AMACOM
300
_a
236 : p. : cm. ; 23
365
_c
_b
30
999
_c
11141
_d
11141